000 01344nam a22003617a 4500
003 CHAP
005 20220817044216.0
008 080411d2005 es r 00110 spa d
010 _a94691
011 _a95663
020 _a9264024026
035 _a106292
040 _cCHAP
082 0 4 _a338.972
_b073
110 1 _aOrganización para la Cooperación y el Desarrollo Económicos. París
_983559
245 1 0 _aRevisiones territoriales de la OCDE México
_c/por Organización para la Cooperación y el Desarrollo Económicos
260 _aMéxico, DF. :
_bPresidencia de la República,
_c2005
300 _a228 p. :
_bgráfs. ; cuadros ; mapas
500 _aEn la pasta : Estudios territoriales de la OCDE México
590 _aBATCH-UPD
_b10
_c20130110
_lUCH01
_h1028
590 _aBATCH-UPD
_b10
_c20130410
_lUCH01
_h0632
590 _aBATCH-UPD
_b10
_c20130914
_lUCH01
_h1152
590 _aBATCH-UPD
_b10
_c20161124
_lUCH01
_h1713
590 _aCONVERSION
_b10
_c20130109
_lUCH01
_h1352
650 1 4 _aDesarrollo económico.
650 1 4 _aGlobalización.
_948300
650 1 4 _aMéxico
_xCondiciones económicas.
650 1 4 _aMigración interna
_zMéxico.
_975608
651 4 _aMéxico
_xPolítica y gobierno.
_976783
901 _aBK
942 _cLIBRO
949 _a338.972 O73
_bBC
_cLIBRO
_d33724002047058
_eLIBRO
_h109441
_i106292
_si
_t$490.00
999 _c94691
_d94691